Statistics for Lana Del Rey - Arcadia Lyrics

Click here to take the quiz!

General Stats

  • This quiz has been taken 17 times
  • The average score is 276 of 309

Answer Stats

Answer% Correct
a
100%
All
100%
all
100%
an
100%
angel
100%
Arcadia
100%
as
100%
at
100%
baby
100%
body
100%
go"
100%
halo
100%
hands
100%
heart
100%
hips
100%
Hotel
100%
I
100%
In
100%
is
100%
LA
100%
land
100%
Land
100%
lead
100%
let's
100%
like
100%
map
100%
me
100%
My
100%
my
100%
of
100%
over
100%
roads
100%
Rover
100%
Sierra
100%
straight
100%
That
100%
that
100%
the
100%
to
100%
with
100%
you
100%
your
100%
America
92%
and
92%
And
92%
blood
92%
can
92%
chest
92%
every
92%
feet
92%
fingertips
92%
Hangin'
92%
Hilton
92%
hundred
92%
integral
92%
Madre
92%
Screamin'
92%
stand
92%
up
92%
way
92%
arteries
83%
built
83%
can't
83%
come
83%
Findin'
83%
for
83%
high
83%
home
83%
I'll
83%
I'm
83%
know
83%
leavin'
83%
pray
83%
Run
83%
send
83%
sleep
83%
so
83%
So
83%
tall
83%
they
83%
They
83%
three
83%
Toyota
83%
trace
83%
window
83%
but
75%
But
75%
By
75%
down
75%
get
75%
girl
75%
"Hey
75%
hill
75%
just
75%
laughter
75%
lips
75%
little
75%
miracle
75%
need
75%
not
75%
on
75%
paper
75%
think
75%
this
75%
tonight
75%
town
75%
yourself
75%
bay
67%
cross
67%
day
67%
flowing
67%
flows
67%
from
67%
Gabriel
67%
hate
67%
If
67%
native
67%
nothing
67%
Or
67%
Plus
67%
pump
67%
stay
67%
tear
67%
you're
67%
byway
58%
curves
58%
eight
58%
five
58%
foot
58%
gave
58%
here
58%
Lay
58%
licks
58%
lost
58%
out
58%
palms
58%
San
58%
thanks
58%
them
58%
was
58%
Western
58%
fire
50%
you'll
50%
belt
42%

Score Distribution

Percentile by Number Answered

Percent of People with Each Score

Your Score History

You have not taken this quiz